000 01058nam a2200229Ia 4500
999 _c37393
_d37393
001 3352
003 GE_BSU
005 20190605175919.0
008 181216s1991|||| |||||||||||||| ||geo||
040 _cGE_BSU
041 _ageo
080 _a539.3+539.52 ლ-86
100 _aლოსაბერიძე, ან.
_92159
245 _aდრეკადობის და პლასტიკურობის თეორია : ლექციების მოკლე კურსი /
_cან. ლოსაბერიძე ; დ. დანელია ; ზ. მაძაღუა ; რედ : ც.არსენიძე.
264 _aთბილისი :
_bსტუ,
_c1991.
300 _a94 გვ. :
_c20 სმ.
653 _aდრეკადობის და პლასტიკურობის თეორია
700 _aდანელია, დ
_92160
700 _aმაძაღუა, ზ
_92161
700 _aარსენიძე, ც
_eრედაქტორი
_91557
942 _cBK
_2udc